Manufacturing and design : (رقم التسجيلة. 37741)

تفاصيل مارك
000 -الفاتح
حقل البيانات ثابتة الطول 01437cam a22003857i 4500
001 - رقم الضبط
رقم الضبط 10962426
003 - محدد رقم الضبط
رقم الضبط OSt
005 - وقت وتاريخ اخر تعامل مع التسجيلة
رقم الضبط 20150728222832.0
006 - عناصر البيانات ثابتة الطول - خصائص المادة الاضافية-معلومات عامة
حقل البيانات ثابتة الطول m d
007 - الحقل الثابت للوصف المادى- معلومات عامة
حقل البيانات ثابتة الطول cr n
008 - عناصر البيانات ثابتة الطول - معلومات عامة
حقل البيانات ثابتة الطول 140812s2014 ne a sb 001 0 eng d
015 ## - رقم الببليوجرافية الوطنية
رقم الببليوجرافية الوطنية GBB405392
المصدر bnb
016 7# - رقم ضبط الوكاله الوطنية للضبط الببليوجرافي
رقم ضبط التسجيلة 016603026
المصدر Uk
020 ## - الرقم الدولى المعيارى للكتب
الرقم الدولى المعيارى للكتاب 9780080999227 (paperback)
020 ## - الرقم الدولى المعيارى للكتب
الرقم الدولى المعيارى للكتاب 0080999220 (paperback)
035 ## - رقم ضبط النظام
رقم ضبط النظام (WaSeSS)ssj0001335228
040 ## - مصدر الفهرسة
وكالة الفهرسة الأصلية AU@
لغة الفهرسة eng
وكالة النسخ AU@
قواعد الوصف rda
وكالة التعديل OCLCO
-- LTSCA
-- DLC
-- WaSeSS
042 ## - رمز التحقق
رمز التحقق lccopycat
082 04 - رقم تصنيف ديوى العشرى
رقم التصنيف 670
رقم الطبعة 23
رقم المادة TEM
100 1# - المدخل الرئيسى - إسم شخصى
الإسم الشخصى Tempelman, Erik,
التواريخ المصاحبة للاسم 1969-
9 (RLIN) 49598
210 10 - العنوان المختصر
العنوان المختصر Manufacturing and design :
245 10 - بيان العنوان
العنوان Manufacturing and design :
بقية العنوان understanding the principles of how things are made /
بيان المسئوليه,etc by Erik Tempelman, Hugh Shercliff, Bruno Ninaber van Eyben.
250 ## - بيان الطبعة
بيان الطبعة 1st ed.
260 ## - PUBLICATION, DISTRIBUTION, ETC. (IMPRINT)
مكان الناشر او الموزع Amsterdam :
اسم الناشر او الموزع Butterworth-Heinemann,
تاريخ النشر أو التوزيع 2014.
300 ## - الوصف المادى
التعداد xii, 297 p.
تفاصيل ماديه اخرى للوعاء ill ;
أبعاد الوعاء 24 cm.
504 ## - تبصرة ببليوجرافية
تبصرة ببليوجرافية,الخ Includes bibliographical references and index.
506 ## - تبصرة قيود الاتاحة
قيود الإتاحة License restrictions may limit access.
650 #0 - المدخل الاضافى بالموضوع-مصطلح موضوعى
مصطلح موضوعي أو اسم جغرافي كعنصر مدخل Manufacturing processes.
9 (RLIN) 49599
650 #0 - المدخل الاضافى بالموضوع-مصطلح موضوعى
مصطلح موضوعي أو اسم جغرافي كعنصر مدخل Industrial design.
9 (RLIN) 49600
700 1# - المدخل الاضافى - اسم شخصى
الإسم الشخصى Shercliff, Hugh,
الدور author.
9 (RLIN) 49601
700 1# - المدخل الاضافى - اسم شخصى
الإسم الشخصى Eyben, Bruno Ninaber van,
التواريخ المصاحبة للاسم 1950-
الدور author.
9 (RLIN) 49602
773 #0 - مدخل المادة المضيفة
العنوان eBook - Engineering 2014 [EBCE14]
856 40 - الوصول و الموقع الالكترونى
معرف المصدر الموحد <a href="http://www.columbia.edu/cgi-bin/cul/resolve?clio10962426">http://www.columbia.edu/cgi-bin/cul/resolve?clio10962426</a>
تبصرة عامة Full text available from eBook - Engineering 2014 [EBCE14]
942 ## - عناصر المدخل الإضافي( كوها)
مصدر التصنيف او مخطط الترفيف Dewey Decimal Classification
Koha [default] item type كتاب
المقتنيات
حالة الفقد نموذج السعر الفعال حالة تلف ليس للاعارة رقم الطلب رقم النسخة تاريخ الاكتساب الموقع الحالي الباركود الفرع الرئيسي Date last seen نوع المادة فى نظام كوها مصدر التصنيف او خطة الترفيف Total Checkouts
  2015-07-28   Not For Loan 670 TEM 1 2015-07-28 المكتبة المركزية بالمجمعة (CL) 00215937 المكتبة المركزية بالمجمعة (CL) 2015-07-28 كتاب Dewey Decimal Classification  
  2015-07-28     670 TEM 2 2015-07-28 المكتبة المركزية بالمجمعة (CL) 00215938 المكتبة المركزية بالمجمعة (CL) 2015-07-28 كتاب Dewey Decimal Classification  
  2015-07-28     670 TEM 3 2015-07-28 المكتبة المركزية بالمجمعة (CL) 00215936 المكتبة المركزية بالمجمعة (CL) 2015-07-28 كتاب Dewey Decimal Classification